The other face of America chronicles of the immigrants shaping our future
Saved in:
| Main Author: | |
|---|---|
| Format: | Book |
| Language: | English |
| Published: |
Ramos Publishers
2000
|
| Tags: |
Add Tag
No Tags, Be the first to tag this record!
|
MARC
| LEADER | 00000nam a22000007a 4500 | ||
|---|---|---|---|
| 008 | 210419b ||||| |||| 00| 0 eng d | ||
| 020 | |a : 0-06-464095-7 | ||
| 100 | |a RAMOS, Jorge | ||
| 245 | |a The other face of America |b chronicles of the immigrants shaping our future |c Jorge Ramos | ||
| 260 | |b Ramos Publishers |c 2000 |h New York |i 693796 |l E184 .S75R14 |m Ouija boards – Controversial literature | ||
| 942 | |a lcc |c BK |e Mr ogunleye |f 19/4/2021 | ||
| 952 | |0 0 |1 0 |2 lcc |4 0 |6 E0184 S75 R14 |7 0 |9 2173 |a HOL |b HOL |d 2021-04-19 |l 0 |o E184 .S75R14 |p 2021-6027 |r 2021-04-19 00:00:00 |w 2021-04-19 |y BK | ||
| 999 | |c 1131 |d 1131 | ||